Jugadores Uruguay #1 - Estadísticas

Estadísticas generales
  • Esta prueba ha sido intentada 66 veces
  • La puntuación promedio es 16 de 20
Estadísticas de respuestas
Imagen Respuesta % Correcto
Cavani
100%
Darwin Nuñez
100%
Luis Suarez
98%
Valverde
98%
Gimenez
95%
Ronald Araujo
95%
Muslera
93%
Bentancur
88%
Ugarte
88%
Torreira
85%
Stuani
78%
De Arrascaeta
77%
Rochet
77%
Nandez
72%
Mathias Olivera
70%
Vecino
67%
Arambarri
60%
Merentiel
60%
Pacha Espino
57%
Gaston Alvarez
30%
No se encontraron pruebas coincidentes
Distribución de puntuación
Porcentaje de gente con cada puntuación
Porcentaje por número respondido
Historial de tus puntuaciones
No has intentado esta prueba.